000 00754nam a22002297a 4500
003 DO-SdBNP
005 20211014145514.0
007 ta
008 211007e2018 dr a|||er|||| 001 pdspa d
020 _a9789945452914
040 _aDO-SdBNP
_bspa
_cBNPHU
082 4 _222
_aBNPHU
_bO34c
100 1 _976248
_aOgando Montás, Carlos B.,
_d2000-
245 1 0 _aCuentos de mi adolescencia /
_cCarlos Bienvenido Ogando Montás ; prólogo Carlos Ogando Alcántara.
260 _aSanto Domingo :
_bSantuario,
_c2018.
300 _a62 p. :
_bil. ;
_c23 cm.
500 _aIncluye biografía del autor en la solapa de la cubierta
590 _aInventariado 2021 / MF
700 1 _974768
_aOgando Alcántara, Carlos A.,
_epról.
910 _aLP
942 _2ddc
_cLBS1
999 _c50718
_d50718